Troilus and Cressida /

Bibliographic Details
Main Author: Adamson, Jane
Format: Book
Language:English
Published: Boston : Twayne Publishers, [1987]
Series:Twayne's new critical introductions to Shakespeare.
Subjects:

MARC

Tag First Indicator Second Indicator Subfields
LEADER 00000cam a2200000 a 4500
001 in00000031074
005 20151007054943.0
008 870612s1987 mau b 00110 eng
010 |a  87017713  
020 |a 0805787011 
020 |a 0805787046 (pbk.) 
035 |a (OCoLC)16086231 
035 |9 AAB6750AM 
040 |a DLC  |c DLC  |d OCL  |d TXA  |d UtOrBLW 
049 |a TXAM  |c [A11494390] 
050 0 0 |a PR2836  |b .A85 1987 
082 0 |a 822.3/3  |2 19 
100 1 |a Adamson, Jane. 
245 1 0 |a Troilus and Cressida /  |c Jane Adamson. 
264 1 |a Boston :  |b Twayne Publishers,  |c [1987] 
264 4 |c ©1987 
300 |a xx, 174 pages ;  |c 23 cm. 
336 |a text  |b txt  |2 rdacontent 
337 |a unmediated  |b n  |2 rdamedia 
338 |a volume  |b nc  |2 rdacarrier 
490 1 |a Twayne's new critical introductions to Shakespeare 
504 |a Bibliography: pages 166-171. 
500 |a Includes index. 
600 1 0 |a Shakespeare, William,  |d 1564-1616.  |t Troilus and Cressida. 
650 0 |a Troilus (Legendary character) in literature. 
830 0 |a Twayne's new critical introductions to Shakespeare. 
999 |a MARS 
999 f f |s 744c743c-3010-378f-9e16-5a2a9039165a  |i 6bb07621-3faf-3169-b6ad-3da1d91930f6  |t 0 
952 f f |p normal  |a Texas A&M University  |b College Station  |c Sterling C. Evans Library  |s Evans stk  |d Evans: Library Stacks  |t 0  |e PR2836 .A85 1987  |h Library of Congress classification  |i unmediated -- volume  |m A14811494390 
998 f f |a PR2836 .A85 1987  |t 0  |l Evans: Library Stacks